000 00480nam a2200193Ia 4500
003 OSt
005 20260520135339.0
008 250729s2017 xx 000 0 und d
020 _a 978-9386262011
040 _cAL
041 _aeng
082 _a370.25 AGGP
100 _aJ C Aggarwal
_9233523
245 _aPsychology of learning and development
260 _aNew Delhi
_bShipra Publication
_c2017
300 _a348p
650 _aPsychology
_9233524
942 _2ddc
_cBED
999 _c240322
_d240322